000 00476nam a2200181Ia 4500
001 2434
005 20260306144806.0
008 260306t2015||||xx |||||||||||||| ||spa||
041 _aESP
082 _a616.89
_bR91
100 _aRubio Valladolid, Gabriel
_eAUT
245 0 _aFundamentos de psiquiatría:
_bbases científicas para el manejo clínico
260 _c2015
300 _ax, 447 páginas :
_c28 cm.
650 _aGEN
654 _aCPS
942 _cLIB
_dJUS
_fJUS
_2ddc
_n
999 _c2434
_d2434